ბათუმის შოთა რუსთაველის სახელმწიფო უნივერსიტეტის ბიბლიოთეკა

ბერძენი მწერლების ცნობები საქართველოს შესახებ. წ. 2 : (ბიბ.ჩანაწერი № 56512)

000 -ლიდერი
ფიქსირებული სიგრძის საკონტროლო ველი 01567nam a2200265Ia 4500
001 - საკონტროლო ნომერი
საკონტროლო ველი 23626
003 - საკონტროლო ნომრის იდენტიფიკატორი
საკონტროლო ველი GE_BSU
005 - ბოლო ოპერაციის თარიღი და დრო
საკონტროლო ველი 20260310171019.0
008 - ფიქსირებული სიგრძის მონაცემთა ელემენტები - ზოგადი ინფორმაცია
ფიქსირებული სიგრძის საკონტროლო ველი 181216s1969||||ge |||||||||||||| ||geo||
040 ## - კატალოგიზაციის წყარო
Transcribing agency GE_BSU
041 ## - ენის კოდი
Language code of text/sound track or separate title geo
080 ## - უნივერსალური ათობითი კლასიფიკაციის ინდექსი
Universal Decimal Classification number 94(479.22)(093უცხ.) + 930.2(38) ყ-36
100 ## - მთავარი ჩანაწერი - პიროვნების სახელი
Personal name ყაუხჩიშვილი, თინათინ
9 (RLIN) 17888
245 ## - ცნობა სათაურის შესახებ
Title ბერძენი მწერლების ცნობები საქართველოს შესახებ. წ. 2 :
Remainder of title (არისტოტელე, ნიკოლოზ დამასკელი, კლავდიუს ელიანუსი) /
Statement of responsibility, etc თინათინ ყაუხჩიშვილი ; მხატვ. : გ. ნადირაძე.
264 ## - წარმოების, გამოცემის, დისტრიბუციის და სხვა ცნობები
გამოცემის, წარმოების, დისტრიბუციის... ადგილი თბილისი :
გამოცემის, წარმოების, დისტრიბუციის... სახელწოდება მეცნიერება,
გამოცემის, წარმოების, დისტრიბუციის... თარიღი 1969.
300 ## - ფიზიკური აღწერა
Extent 220 გვ. ;
Dimensions 22 სმ.
500 ## - ზოგადი შენიშვნა
General note სახელთა საძიებელი : გვ.202-219
653 ## - INDEX TERM--UNCONTROLLED
Uncontrolled term ბერძენი მწერლების ცნობები საქართველოს შესახებ
653 ## - INDEX TERM--UNCONTROLLED
Uncontrolled term ისტორია
653 ## - INDEX TERM--UNCONTROLLED
Uncontrolled term საქართველოს ისტორიის ბერძნული წყაროები
653 ## - INDEX TERM--UNCONTROLLED
Uncontrolled term წ. 2 : (არისტოტელე, ნიკოლოზ დამასკელი, კლავდიუს ელიანუსი)
700 ## - ADDED ENTRY--PERSONAL NAME
Personal name ნადირაძე, გ.
Relator term მხატვარი
9 (RLIN) 27108
942 ## - ADDED ENTRY ELEMENTS (KOHA)
Koha item type წიგნი
Source of classification or shelving scheme
ეგზემპლარები
ჩამოწერის სტატუსი დაკარგული ეგზემპლარის სტატუსი კლასიფიკაციის წყარო ან თაროზე გაწყობის სქემა დაზიანების სტატუსი არ გაიცემა მუდმივი მდებარეობა (დაცვის ადგილი) ამჟამინდელი ადგილსამყოფელი თაროზე განთავსების ადგილი შეძენის თარიღი ღირებულება, შესყიდვის ნორმალური ფასი სრული შენახვის შიფრი შტრიხკოდი ბოლო ოპერაციის თარიღი ეგზემპლარის მიმდევრობითი ნომერი (კეტერი?) ფასის ძალაში შესვლის თარიღი ეგზემპლარის სახეობა საჯარო შენიშვნა
          ბათუმის შოთა რუსთაველის სახელმწიფო უნივერსიტეტის მთავარი ბიბლიოთეკა ბათუმის შოთა რუსთაველის სახელმწიფო უნივერსიტეტის მთავარი ბიბლიოთეკა წიგნსაცავი 2018-12-17 2.46 94(479.22)(093უცხ.) + 930.2(38) ყ-36 28481 2018-12-17 28481 2018-12-17 წიგნი 2.46 ₾.